Lyrics to New York State of Mind by Billy Joel - Statistics

General Stats
  • This quiz has been taken 10 times
  • The average score is 8 of 35
Answer Stats
number of words in answer Answer % Correct
6 words some folks like to get away
100%
8 words i'm in a new york state of mind
57%
8 words i'm in a new york state of mind
57%
8 words i'm in a new york state of mind
57%
8 words i'm in a new york state of mind
57%
6 words hop a flight to miami beach
43%
8 words it was so easy living day by day
43%
8 words it was so easy living day by day
43%
7 words the new york times the daily news
43%
7 words the new york times the daily news
43%
5 words but i'm taking a greyhound
29%
9 words but now i need a little give and take
29%
9 words but now i need a little give and take
29%
5 words it comes down to reality
29%
5 words it comes down to reality
29%
5 words on the hudson river line
29%
3 words or to hollywood
29%
6 words take a holiday from the neighbourhood
29%
5 words i don't have any reasons
14%
5 words i don't have any reasons
14%
6 words i've seen all the movie stars
14%
8 words and i don't want to waste more time
0%
10 words and it's fine with me cause i've let it slide
0%
10 words and it's fine with me cause i've let it slide
0%
8 words been high in the rockies under the evergreens
0%
6 words but i know what i'm needing
0%
9 words cause i'm in a new york state of mind
0%
9 words don't care if it's chinatown or up on riverside
0%
9 words don't care if it's chinatown or up on riverside
0%
10 words i'm just taking a greyhound on the hudson river line
0%
7 words in their fancy cars and their limousines
0%
5 words i've left them all behind
0%
5 words i've left them all behind
0%
9 words out of touch with the rhythm and the blues
0%
9 words out of touch with the rhythm and the blues
0%
No matching quizzes found
Score Distribution
Percent of People with Each Score
Percentile by Number Answered
Your Score History
You have not taken this quiz